000 00580nam a2200205 a 4500
001 BRCA_7176
005 20190320205735.0
008 130112s1912----gw-ac#####---#000-0#ger-#
041 _ager
044 _agw
050 4 _aPT2623 .U93
_bL6 1912
100 1 _aLux, Joseph Aug.
_d1871-1947
_q(Joseph August)
_917793
245 1 0 _aLola Montez
_bHistorischer Roman
_cvon Joseph Aug. Lux.
260 _aBerlín
_bR. Bong
_cc1912
300 _a263 p.
_bil., retratos
_c21 cm.
500 _aEstado físico: Encuadernación desprendida
500 _aP63
902 _aGFM
942 _2lcc
_cB
999 _c6857
_d6857